Забытый французский детектив: В 3 т.; пер. с фр.; Т. 2; Забытый французский детектив конца XIX - начала XX века; Тайна Медонского леса; Ужас; Тайна красного чемодана
| Idioma: | ruso |
|---|---|
| Publicado: |
Москва, Книга и бизнес, 1992
|
| TOC: | А. Шадрилье, Тайна Медонского леса; М. Левель, Ужас; А. Магог, Тайна красного чемодана; |
| Series: | Забытый детектив |
| Subjects: | |
| Formato: | MixedMaterials Libro |
| KOHA link: | https://koha.lib.tpu.ru/cgi-bin/koha/opac-detail.pl?biblionumber=137588 |
MARC
| LEADER | 00000nam0a2200000 4500 | ||
|---|---|---|---|
| 001 | 137588 | ||
| 005 | 20231031141115.0 | ||
| 010 | |a 5212007607 | ||
| 010 | |a 5-212-00762-3 | ||
| 020 | |a RU |b 93-2335 | ||
| 035 | |a (RuTPU)RU\TPU\book\149111 | ||
| 090 | |a 137588 | ||
| 100 | |a 20080514g1992 m y0rusy5003 ca | ||
| 101 | 1 | |a rus |c fre | |
| 102 | |a RU | ||
| 105 | |a y z 000ay | ||
| 200 | 1 | |a Забытый французский детектив |e В 3 т. |e пер. с фр. |h Т. 2 |i Забытый французский детектив конца XIX - начала XX века | |
| 210 | |a Москва |c Книга и бизнес |d 1992 | ||
| 215 | |d 21 см |a 512 с. | ||
| 225 | 1 | |a Забытый детектив | |
| 305 | |a Загл. указано на пер. | ||
| 464 | |t Тайна Медонского леса |o роман |f А. Шадрилье | ||
| 464 | |t Ужас |o роман |f М. Левель | ||
| 464 | |t Тайна красного чемодана |o роман |f А. Магог | ||
| 610 | 1 | |a Детективные романы | |
| 610 | 1 | |a французская литература | |
| 675 | |a 84 |z rus | ||
| 801 | 0 | |a RU |b RuMRKP |c 19950413 |g psbo | |
| 801 | 1 | |a RU |b 63413507 |c 20080514 |g PSBO | |
| 801 | 2 | |a RU |b 63413507 |c 20080514 |g PSBO | |
| 942 | |c BK | ||